| 000 | 01048nam a22002537a 4500 | ||
|---|---|---|---|
| 999 |
_c12124 _d12124 |
||
| 003 | AR-CdUCM | ||
| 008 | 190405b ||||| |||| 00| 0 spa d | ||
| 040 |
_aMUNICIPALIDAD PROVINCIAL DEL CUSCO _cBIBLIOTECA MUNICIPAL DEL CUSCO |
||
| 082 |
_aC / 869.56 / _bEX97 |
||
| 110 |
_aFestival del Libro Cuzqueño. _929814 |
||
| 245 | _aExposición de la Poesía Cuzqueña contemporánea / | ||
| 260 |
_aCusco : _bH. G. Rozas, _c1958. |
||
| 300 |
_a2 tomos ; _c16 cm. |
||
| 500 | _aTexto en Español y Quechua. | ||
| 505 | _aContenido: t.1: Alberto Delgado -- Andres Alencastre Gutierrez -- Anton io Duran Teves -- Federico Larrea Blanes ... -- t.2: José Salinas Ocampo -- Gustavo Pérez Ocampo -- Rubén sueldo Guevara -- Washington Delgado -- Poemas ... | ||
| 650 |
_aBiografías _9148 |
||
| 650 |
_aLiteratos Peruanos _9808 |
||
| 650 |
_aSiglo XX _98 |
||
| 650 |
_aObras _96865 |
||
| 700 |
_aDegrégori de Nieto, Bertha (Selección) _929815 |
||
| 710 |
_aFestival del Libro Cuzqueño. _929814 |
||
| 942 |
_2ddc _cLIBROS |
||
| 945 |
_aachl _d2019-04-05 |
||